000 00539nam a2200181Ia 4500
999 _c37089
_d37089
003 OSt
005 20201211111414.0
008 190216s9999||||xx |||||||||||||| ||und||
020 _a9788180698279
040 _coclc
082 _a371.33580954
_bRAS/E
100 _a Rasool, Shahid
_97376
245 0 _aEducational Television In India /
_cShahid Rasool
260 _bConcept Pubs Company,
_c2012.
_aDelhi:
300 _a252p
650 _aReferences
942 _cREF
_2ddc
_h371.33580954
_iRAS/E
_k371.33580954
_mRAS/E